Govt. of
Madhya Pradesh

Sri Aurobindo And The Freedom Of India (Record no. 1445)

MARC details
000 -LEADER
fixed length control field 005020000a22001810004500
003 - CONTROL NUMBER IDENTIFIER
control field MACL
005 - DATE AND TIME OF LATEST TRANSACTION
control field 20151017132349.0
008 - FIXED-LENGTH DATA ELEMENTS--GENERAL INFORMATION
fixed length control field 151017b xxu||||| |||| 00| 0 eng d
040 ## - CATALOGING SOURCE
Original cataloging agency MACL
Transcribing agency MACL
041 ## - LANGUAGE CODE
Language code of text/sound track or separate title English
082 ## - DEWEY DECIMAL CLASSIFICATION NUMBER
Classification number 920/POO
100 ## - MAIN ENTRY--PERSONAL NAME
Personal name Aurobindo, Sri
9 (RLIN) 13327
245 ## - TITLE STATEMENT
Title Sri Aurobindo And The Freedom Of India
Remainder of title Selections From The Works Of Sri Aurobindo
260 ## - PUBLICATION, DISTRIBUTION, ETC. (IMPRINT)
Name of publisher, distributor, etc. Sri Aurobindo Ashram
Date of publication, distribution, etc. 1995
Place of publication, distribution, etc. Pondicherry
350 ## - PRICE (NR) (BK AM CF MU VM SE) [OBSOLETE]
Price 200
650 ## - SUBJECT ADDED ENTRY--TOPICAL TERM
Topical term or geographic name as entry element Biography
9 (RLIN) 15667
942 ## - ADDED ENTRY ELEMENTS (KOHA)
Koha item type Books
Call number prefix 920
Source of classification or shelving scheme
Holdings
Withdrawn status Lost status Source of classification or shelving scheme Damaged status Not for loan Home library Current library Date acquired Cost, normal purchase price Total Checkouts Total Renewals Full call number Barcode Date last seen Date last checked out Uniform Resource Identifier Price effective from Koha item type
          MACL MACL 15/04/2015 200.00 1 1 920/POO CRE010477 02/05/2024 26/04/2018 1446 15/04/2015 Books